[Event "Blankenese op 3rd"]
[Site "Hamburg"]
[Date "2019.10.03"]
[Round "1"]
[White "Wobbe, Sven"]
[Black "Westphal Stubbe, Siegbert"]
[Result "1-0"]
[WhiteElo "1989"]
[BlackElo "1519"]
[PlyCount "65"]
[EventDate "2019.10.03"]
[EventType "swiss"]
[EventRounds "7"]
[EventCountry "GER"]
[SourceTitle "EXT 2023"]
[Source "ChessBase"]
[SourceDate "2022.10.05"]
[SourceVersion "1"]
[SourceVersionDate "2022.10.05"]
[SourceQuality "1"]

1. e4 c5 2. Nf3 e6 3. d4 cxd4 4. Nxd4 a6 5. Bd3 d6 6. 0-0 b6 7. Nc3 Bb7 8. f4 g6 9. f5 e5 10. fxg6 hxg6 11. Bc4 Rh7 12. Nf3 Be7 13. Qe1 Nc6 14. Qg3 Na5 15. Bd5 Bxd5 16. Nxd5 b5 17. Ng5 Bxg5 18. Bxg5 Qb8 19. Rf3 Ra7 20. Raf1 Nc6 21. Be3 Rb7 22. c3 Qd8 23. Bg5 Qb8 24. b3 Qa7+ 25. Be3 Qb8 26. Rd1 Nd8 27. Qg4 Rg7 28. Rh3 Ne6 29. Rh8 Nf8 30. Rxg8 Rxg8 31. Nf6+ Kd8 32. Nxg8 Qc7 33. Bg5+ 1-0

[Event "Hamburg HSK Christmas op 4th"]
[Site "Hamburg"]
[Date "2018.12.29"]
[Round "6"]
[White "Westphal Stubbe, Siegbert"]
[Black "Lohmann, Rene Alexander"]
[Result "0-1"]
[WhiteElo "1664"]
[BlackElo "1390"]
[PlyCount "36"]
[EventDate "2018.12.27"]
[EventType "swiss"]
[EventRounds "7"]
[EventCountry "GER"]
[SourceTitle "CBM 188 Extra"]
[Source "ChessBase"]
[SourceDate "2019.02.28"]
[SourceVersion "1"]
[SourceVersionDate "2019.02.28"]
[SourceQuality "1"]

1. d4 d5 2. c4 e6 3. Nc3 Nf6 4. e3 Nbd7 5. Bd3 c6 6. Nge2 Bd6 7. 0-0 0-0 8. e4 dxc4 9. Bxc4 e5 10. Kh1 exd4 11. Nxd4 Ne5 12. Bb3 Nfg4 13. Nc2 Qf6 14. Be3 Ng6 15. g3 Rd8 16. Qe1 Qf3+ 17. Kg1 Nh4 18. gxh4 Bxh2# 0-1

[Event "Blankenese op 2nd"]
[Site "Hamburg"]
[Date "2018.10.03"]
[Round "7.18"]
[White "Reuter, Maximilian"]
[Black "Westphal Stubbe, Siegbert"]
[Result "1-0"]
[WhiteElo "1852"]
[BlackElo "1645"]
[PlyCount "79"]
[EventDate "2018.09.29"]
[EventType "swiss"]
[EventRounds "7"]
[EventCountry "GER"]
[SourceTitle "EXT 2020"]
[Source "ChessBase"]
[SourceDate "2019.10.17"]
[SourceVersion "1"]
[SourceVersionDate "2019.10.17"]
[SourceQuality "1"]

1. e4 c5 2. Nc3 e6 3. Nge2 b6 4. g3 Bb7 5. Bg2 d6 6. 0-0 a6 7. d4 cxd4 8. Nxd4 Qc7 9. Re1 g6 10. Bg5 e5 11. Nd5 Bxd5 12. exd5 h6 13. Bd2 Ne7 14. Nf3 Bg7 15. Bc3 Nd7 16. Nxe5 Nxe5 17. f4 Nf3+ 18. Qxf3 Bxc3 19. bxc3 0-0 20. c4 Nf5 21. Bf1 Nd4 22. Qf2 Qc5 23. Kg2 Rfe8 24. Bd3 b5 25. c3 Nf5 26. Qxc5 dxc5 27. Bxf5 Rxe1 28. Rxe1 gxf5 29. cxb5 axb5 30. Re2 Rd8 31. Re5 b4 32. cxb4 cxb4 33. Kf3 Ra8 34. d6 Ra3+ 35. Re3 Kf8 36. d7 Rxe3+ 37. Kxe3 Ke7 38. Kd4 Kxd7 39. Kc4 Kc6 40. Kxb4 1-0

[Event "Schleswig Holstein-ch Seniors op 11th"]
[Site "Buesum"]
[Date "2017.09.14"]
[Round "7"]
[White "Ketelsen, Herbert"]
[Black "Westphal Stubbe, Siegbert"]
[Result "1/2-1/2"]
[WhiteElo "1565"]
[BlackElo "1722"]
[PlyCount "54"]
[EventDate "2017.09.08"]
[EventType "swiss"]
[EventRounds "9"]
[EventCountry "GER"]
[SourceTitle "EXT 2019"]
[Source "ChessBase"]
[SourceDate "2018.10.10"]
[SourceVersion "1"]
[SourceVersionDate "2018.10.10"]
[SourceQuality "1"]

1. e4 c5 2. Nf3 e6 3. b3 d6 4. Bb2 Nf6 5. d3 Nbd7 6. Be2 g6 7. 0-0 Bg7 8. Nbd2 a6 9. Rb1 0-0 10. Nc4 b5 11. Nxd6 Qc7 12. Nxc8 Raxc8 13. Re1 Rfd8 14. h3 Nb6 15. Qc1 Nbd7 16. Bf1 e5 17. Qe3 Nh5 18. Bc1 Nf4 19. Nh2 Bh6 20. Qf3 Bg7 21. Ng4 h5 22. Ne3 Nb6 23. g3 Ne6 24. h4 Nd4 25. Qd1 b4 26. Bg2 Qe7 27. Bb2 a5 1/2-1/2

[Event "Schleswig Holstein-ch Seniors op 10th"]
[Site "Buesum"]
[Date "2016.10.04"]
[Round "9"]
[White "Westphal Stubbe, Siegbert"]
[Black "Becker, Guenter"]
[Result "1/2-1/2"]
[WhiteElo "1732"]
[BlackElo "1821"]
[PlyCount "86"]
[EventDate "2016.09.26"]
[EventType "swiss"]
[EventRounds "9"]
[EventCountry "GER"]
[SourceTitle "EXT 2019"]
[Source "ChessBase"]
[SourceDate "2018.10.10"]
[SourceVersion "1"]
[SourceVersionDate "2018.10.10"]
[SourceQuality "1"]

1. d4 c6 2. c4 g6 3. e3 d5 4. h3 Bg7 5. Nf3 Nf6 6. Bd3 0-0 7. 0-0 Ne4 8. Nfd2 Bf5 9. Nxe4 Bxe4 10. Bxe4 dxe4 11. Nc3 f5 12. Bd2 Rf7 13. Ne2 e6 14. Bc3 Rd7 15. Qb3 Qb6 16. Qxb6 axb6 17. b4 Na6 18. b5 Nc7 19. a4 Rad8 20. Rfb1 cxb5 21. axb5 Ne8 22. Bb4 Rc8 23. c5 bxc5 24. Bxc5 e5 25. Ra7 exd4 26. Bxd4 Nd6 27. b6 Rc2 28. Bxg7 Kxg7 29. Nd4 Rc4 30. Ra8 Kf6 31. Rf8+ Ke5 32. Ra8 Rc5 33. Ra4 Rd8 34. Nb3 Rb5 35. Ra5 Rc8 36. Rxb5+ Nxb5 37. Na5 Nd6 38. Nb3 Rc3 39. Nd4 Kd5 40. g3 Nc4 41. Rb5+ Kd6 42. Kg2 Ra3 43. Rb4 Kc5 1/2-1/2

[Event "Schleswig Holstein-ch Seniors op 10th"]
[Site "Buesum"]
[Date "2016.10.03"]
[Round "8"]
[White "Wolke, Reimund"]
[Black "Westphal Stubbe, Siegbert"]
[Result "1-0"]
[WhiteElo "1908"]
[BlackElo "1732"]
[PlyCount "79"]
[EventDate "2016.09.26"]
[EventType "swiss"]
[EventRounds "9"]
[EventCountry "GER"]
[SourceTitle "EXT 2019"]
[Source "ChessBase"]
[SourceDate "2018.10.10"]
[SourceVersion "1"]
[SourceVersionDate "2018.10.10"]
[SourceQuality "1"]

1. e4 c5 2. c3 e6 3. d4 cxd4 4. cxd4 a6 5. Nf3 d6 6. Nc3 Nd7 7. Bd3 b6 8. 0-0 Bb7 9. Be3 Ngf6 10. Rc1 Be7 11. Qe2 0-0 12. Nd2 e5 13. d5 Nc5 14. Bb1 a5 15. Bxc5 bxc5 16. Bd3 Qb6 17. Nc4 Qd8 18. Ne3 Re8 19. Nf5 Bf8 20. Bb5 Nd7 21. Qg4 g6 22. Bxd7 h5 23. Qh3 gxf5 24. Bxe8 Qxe8 25. Qxf5 Qe7 26. Qxh5 Bg7 27. Rfe1 Rf8 28. Re3 Bc8 29. Rg3 f5 30. exf5 Bxf5 31. Re1 Qf6 32. Qg5 Bh7 33. Qxf6 Rxf6 34. Ne4 Rh6 35. Rb3 Bf8 36. f3 Bf5 37. Rb5 Rg6 38. Rxa5 Bh3 39. g3 Bh6 40. Ra6 1-0

[Event "Schleswig Holstein-ch Seniors op 10th"]
[Site "Buesum"]
[Date "2016.09.27"]
[Round "2"]
[White "Klein, Reinhard"]
[Black "Westphal Stubbe, Siegbert"]
[Result "1/2-1/2"]
[WhiteElo "1884"]
[BlackElo "1732"]
[PlyCount "76"]
[EventDate "2016.09.26"]
[EventType "swiss"]
[EventRounds "9"]
[EventCountry "GER"]
[SourceTitle "EXT 2019"]
[Source "ChessBase"]
[SourceDate "2018.10.10"]
[SourceVersion "1"]
[SourceVersionDate "2018.10.10"]
[SourceQuality "1"]

1. d4 e6 2. Nf3 c5 3. e3 cxd4 4. exd4 a6 5. Bd3 d6 6. 0-0 Nd7 7. Re1 Ngf6 8. c4 b6 9. Nc3 Bb7 10. Qe2 Be7 11. Ng5 Nf8 12. Bf4 g6 13. Rad1 Nh5 14. Nh3 Nxf4 15. Nxf4 Qc7 16. Nh3 Nd7 17. Ne4 0-0 18. Nhg5 d5 19. cxd5 exd5 20. Nxh7 dxe4 21. Nxf8 Bxf8 22. Bxe4 Re8 23. Qd3 Bxe4 24. Rxe4 Rxe4 25. Qxe4 Qd6 26. Qd3 b5 27. g3 Qd5 28. Qb3 Qxb3 29. axb3 Bg7 30. f3 Kf8 31. Kf2 Nb6 32. Ke3 f5 33. h4 Nd5+ 34. Kd3 Bf6 35. Rc1 Ke7 36. Ra1 Nb4+ 37. Kc3 Nd5+ 38. Kd3 Nb4+ 1/2-1/2

[Event "Schleswig Holstein-ch Seniors op 10th"]
[Site "Buesum"]
[Date "2016.09.26"]
[Round "1"]
[White "Westphal Stubbe, Siegbert"]
[Black "Gerhardt, Peter Michael"]
[Result "0-1"]
[WhiteElo "1732"]
[BlackElo "2022"]
[PlyCount "78"]
[EventDate "2016.09.26"]
[EventType "swiss"]
[EventRounds "9"]
[EventCountry "GER"]
[SourceTitle "EXT 2019"]
[Source "ChessBase"]
[SourceDate "2018.10.10"]
[SourceVersion "1"]
[SourceVersionDate "2018.10.10"]
[SourceQuality "1"]

1. d4 Nf6 2. c4 c5 3. d5 b5 4. b3 g6 5. Bb2 Bg7 6. Nd2 0-0 7. e4 d6 8. Bd3 bxc4 9. bxc4 Nbd7 10. Ngf3 Rb8 11. Qc2 Rxb2 12. Qxb2 Nxe4 13. Qc1 Nxd2 14. Nxd2 Bxa1 15. Qxa1 Ne5 16. Qc3 Nxd3+ 17. Qxd3 Qa5 18. Qc2 Bf5 19. Qb2 Bd3 20. Qb3 Bf5 21. Ke2 e6 22. Rd1 exd5 23. cxd5 Re8+ 24. Kf1 Qa6+ 25. Kg1 Qe2 26. h3 c4 27. Qf3 c3 28. Nf1 Qxf3 29. gxf3 c2 30. Rc1 Rb8 31. Nd2 Rb1 32. Nb3 a5 33. Rf1 a4 34. Nc1 Bxh3 35. Re1 Rb5 36. Kh2 Bf5 37. Ne2 Rxd5 38. Nc3 Rc5 39. Ne2 Re5 0-1

[Event "Schleswig Holstein-ch Seniors op 9th"]
[Site "Buesum"]
[Date "2015.10.07"]
[Round "9"]
[White "Schuller, Erhard"]
[Black "Westphal Stubbe, Siegbert"]
[Result "1/2-1/2"]
[WhiteElo "1733"]
[BlackElo "1822"]
[PlyCount "26"]
[EventDate "2015.09.28"]
[EventType "swiss"]
[EventRounds "9"]
[EventCountry "GER"]
[SourceTitle "EXT 2018"]
[Source "ChessBase"]
[SourceDate "2017.10.13"]
[SourceVersion "1"]
[SourceVersionDate "2017.10.13"]
[SourceQuality "1"]

1. Nf3 c5 2. g3 b6 3. Bg2 Bb7 4. 0-0 Nc6 5. b3 e6 6. Bb2 Nf6 7. c4 Be7 8. d4 cxd4 9. Nxd4 a6 10. Nxc6 Bxc6 11. Bxc6 dxc6 12. Nc3 0-0 13. Qxd8 Rfxd8 1/2-1/2

[Event "Schleswig Holstein-ch Seniors op 9th"]
[Site "Buesum"]
[Date "2015.10.06"]
[Round "8"]
[White "Westphal Stubbe, Siegbert"]
[Black "Linz, Stefan"]
[Result "1/2-1/2"]
[WhiteElo "1822"]
[BlackElo "1695"]
[PlyCount "43"]
[EventDate "2015.09.28"]
[EventType "swiss"]
[EventRounds "9"]
[EventCountry "GER"]
[SourceTitle "EXT 2018"]
[Source "ChessBase"]
[SourceDate "2017.10.13"]
[SourceVersion "1"]
[SourceVersionDate "2017.10.13"]
[SourceQuality "1"]

1. d4 g6 2. c4 Bg7 3. Nc3 d6 4. e4 Nf6 5. f3 a6 6. Be3 0-0 7. g4 Nc6 8. Bg2 e5 9. d5 Ne7 10. g5 Ne8 11. Nge2 f5 12. gxf6 Nxf6 13. Qd2 b6 14. Bh6 Bd7 15. Bxg7 Kxg7 16. b4 Nh5 17. 0-0 Ng8 18. f4 exf4 19. Nxf4 Nxf4 20. Rxf4 Rxf4 21. Qxf4 Qf6 22. Qxf6+ 1/2-1/2

[Event "Kiel op-B 28th"]
[Site "Kiel"]
[Date "2015.07.31"]
[Round "9"]
[White "Howe, Dietrich"]
[Black "Westphal Stubbe, Siegbert"]
[Result "1-0"]
[WhiteElo "1667"]
[BlackElo "1822"]
[PlyCount "83"]
[EventDate "2015.07.25"]
[EventType "swiss"]
[EventRounds "9"]
[EventCountry "GER"]
[SourceTitle "EXT 2017"]
[Source "ChessBase"]
[SourceDate "2016.10.25"]
[SourceVersion "1"]
[SourceVersionDate "2016.10.25"]
[SourceQuality "1"]

1. Nf3 c5 2. c4 e6 3. g3 Nc6 4. Bg2 a6 5. 0-0 Qc7 6. d3 Nf6 7. Nc3 d6 8. a3 b6 9. Rb1 Bb7 10. b4 Na7 11. bxc5 dxc5 12. Na4 b5 13. cxb5 axb5 14. Nc3 Bc6 15. Bf4 Bd6 16. Bd2 0-0 17. e4 Ng4 18. Re1 Ne5 19. Nxe5 Bxe5 20. f4 Bd4+ 21. Kh1 Rab8 22. Qc2 g6 23. Ne2 Bg7 24. Qxc5 f5 25. Nc3 Rfd8 26. Qf2 Rxd3 27. Na2 Rxa3 28. Nb4 Ba8 29. Rec1 Qd7 30. Be3 fxe4 31. Rd1 Qf7 32. Rd6 Bd5 33. Bc5 Ra8 34. Nxd5 e3 35. Nxe3 Ra1 36. Rxa1 Bxa1 37. Bxa8 Qc7 38. Qc2 b4 39. Bxb4 Qxc2 40. Nxc2 Bg7 41. Rxe6 Nb5 42. Bd5 1-0

[Event "Kiel op-B 28th"]
[Site "Kiel"]
[Date "2015.07.28"]
[Round "6"]
[White "Dambrowski, Ralf"]
[Black "Westphal Stubbe, Siegbert"]
[Result "0-1"]
[WhiteElo "1335"]
[BlackElo "1822"]
[PlyCount "84"]
[EventDate "2015.07.25"]
[EventType "swiss"]
[EventRounds "9"]
[EventCountry "GER"]
[SourceTitle "EXT 2017"]
[Source "ChessBase"]
[SourceDate "2016.10.25"]
[SourceVersion "1"]
[SourceVersionDate "2016.10.25"]
[SourceQuality "1"]

1. d4 e6 2. c4 b6 3. Nf3 Bb7 4. e3 Nf6 5. a3 c5 6. Nc3 cxd4 7. exd4 d6 8. Bg5 Be7 9. Be2 a6 10. 0-0 Nbd7 11. Re1 0-0 12. Qd2 Qc7 13. Rac1 Rad8 14. b3 Qb8 15. Qe3 Rfe8 16. Red1 d5 17. cxd5 exd5 18. Qd2 Bxa3 19. Ra1 Bb4 20. Bxf6 Nxf6 21. Bd3 Rc8 22. Rdc1 Ne4 23. Bxe4 dxe4 24. Ne5 Rcd8 25. Qe3 Qd6 26. Nc4 Qxd4 27. Qxd4 Rxd4 28. Nxb6 Red8 29. h3 Rd3 30. Nba4 g6 31. Rd1 Rxd1+ 32. Rxd1 Rxd1+ 33. Nxd1 Bd5 34. Nb6 Bxb3 35. Ne3 f5 36. Kf1 a5 37. Ke2 a4 38. Ned5 Ba5 39. Nxa4 Bxd5 40. Nc5 Kf7 41. f3 Bc4+ 42. Ke3 Bb6 0-1

[Event "Kiel op-B 28th"]
[Site "Kiel"]
[Date "2015.07.26"]
[Round "4"]
[White "Mueller, Richard1"]
[Black "Westphal Stubbe, Siegbert"]
[Result "1/2-1/2"]
[WhiteElo "1317"]
[BlackElo "1822"]
[PlyCount "104"]
[EventDate "2015.07.25"]
[EventType "swiss"]
[EventRounds "9"]
[EventCountry "GER"]
[SourceTitle "EXT 2017"]
[Source "ChessBase"]
[SourceDate "2016.10.25"]
[SourceVersion "1"]
[SourceVersionDate "2016.10.25"]
[SourceQuality "1"]

1. e4 c5 2. Nf3 e6 3. Nc3 a6 4. d3 d6 5. Bf4 Nd7 6. Be2 b5 7. a3 Qc7 8. 0-0 Bb7 9. Qd2 Ngf6 10. Rfd1 Be7 11. h3 0-0 12. Bg3 Rfe8 13. Qe3 Qc6 14. Rab1 b4 15. axb4 cxb4 16. Nd4 Qc8 17. Na2 a5 18. Nf3 Qc5 19. Qxc5 Nxc5 20. e5 dxe5 21. Nxe5 Nd5 22. d4 Ne4 23. Bf3 Nxg3 24. fxg3 Bd6 25. Re1 f6 26. Ng4 Bxg3 27. Nf2 Rab8 28. c4 Nc7 29. Bxb7 Rxb7 30. Re2 Rd8 31. Ne4 Bd6 32. b3 Be7 33. Rd1 f5 34. Ng3 g6 35. Red2 Bd6 36. Nf1 Ne8 37. Kh1 Nf6 38. c5 Bc7 39. Kg1 Ne4 40. Rc2 Rb5 41. Rcc1 Bf4 42. Rc4 e5 43. c6 exd4 44. c7 Rc8 45. Rdxd4 Bd6 46. Nd2 Be7 47. Nxe4 fxe4 48. Rxe4 Kf8 49. g4 Rb7 50. Re5 Rcxc7 51. Rxc7 Rxc7 52. Rxa5 Rb7 1/2-1/2

[Event "Kiel op-B 27th"]
[Site "Kiel"]
[Date "2014.08.07"]
[Round "8"]
[White "Dambrowski, Ralf"]
[Black "Westphal Stubbe, Siegbert"]
[Result "0-1"]
[WhiteElo "1485"]
[BlackElo "1833"]
[PlyCount "97"]
[EventDate "2014.08.02"]
[EventType "swiss"]
[EventRounds "9"]
[EventCountry "GER"]
[SourceTitle "CBM 161 Extra"]
[Source "ChessBase"]
[SourceDate "2014.08.29"]
[SourceVersion "1"]
[SourceVersionDate "2014.08.29"]
[SourceQuality "1"]

1. e4 c5 2. Nf3 e6 3. d4 cxd4 4. Nxd4 a6 5. Nc3 d6 6. Be3 Qc7 7. f3 Nd7 8. Be2 Ngf6 9. Qd2 Nb6 10. 0-0-0 Nc4 11. Bxc4 Qxc4 12. Kb1 Bd7 13. g4 0-0-0 14. Rhg1 Kb8 15. f4 g6 16. e5 Ne8 17. exd6 Bxd6 18. Rge1 Bb4 19. Nde2 Nf6 20. Bd4 Ne4 21. Qe3 Nxc3+ 22. Nxc3 Rhe8 23. Bf6 Be7 24. Qe5+ Qc7 25. Qxc7+ Kxc7 26. Bxe7 Rxe7 27. Nd5+ exd5 28. Rxe7 Kc6 29. Rxf7 Bxg4 30. Re1 b6 31. Rxh7 Rf8 32. Rg7 Rf6 33. a4 Bh5 34. b4 a5 35. c3 d4 36. b5+ Kd6 37. cxd4 Rxf4 38. Rg8 Kd7 39. Rg7+ Kd6 40. Ree7 Kd5 41. Rd7+ Kc4 42. Rb7 Kb3 43. Rgc7 Bg4 44. Rc1 Rf2 45. Re1 Bf5+ 46. Kc1 Rc2+ 47. Kd1 Bg4+ 48. Re2 Rxe2 49. Kc1 0-1

[Event "Kiel op-B 27th"]
[Site "Kiel"]
[Date "2014.08.06"]
[Round "7"]
[White "Westphal Stubbe, Siegbert"]
[Black "Koch, Andreas Tigran"]
[Result "1-0"]
[WhiteElo "1833"]
[BlackElo "1214"]
[PlyCount "81"]
[EventDate "2014.08.02"]
[EventType "swiss"]
[EventRounds "9"]
[EventCountry "GER"]
[SourceTitle "CBM 161 Extra"]
[Source "ChessBase"]
[SourceDate "2014.08.29"]
[SourceVersion "1"]
[SourceVersionDate "2014.08.29"]
[SourceQuality "1"]

1. d4 d5 2. c4 e6 3. Nf3 Nf6 4. a3 c6 5. Nc3 Bd6 6. c5 Bc7 7. Bg5 Nbd7 8. e3 0-0 9. e4 h6 10. Bh4 g5 11. Nxg5 hxg5 12. Bxg5 e5 13. f4 exf4 14. e5 Nxe5 15. dxe5 Bxe5 16. Qd3 Qe7 17. 0-0-0 Qxc5 18. Kb1 Bxc3 19. Rc1 Ne4 20. Bxf4 Nf2 21. Qg3+ Bg4 22. h3 Qd4 23. Rxc3 Nxh1 24. Qxg4+ Qg7 25. Qf3 Rae8 26. g3 Qh7+ 27. Ka2 Re1 28. Bd3 Qxh3 29. Bd6 Rfe8 30. Qf6 Qg4 31. Rb3 Qg7 32. Qh4 Nf2 33. Rb4 R1e6 34. Bf5 Rxd6 35. Qf4 Re5 36. Qxf2 Rf6 37. g4 c5 38. Rxb7 Qxg4 39. Rb8+ Kg7 40. Qh2 Rh6 41. Qxe5+ 1-0

[Event "Kiel op-B 26th"]
[Site "Kiel"]
[Date "2013.07.31"]
[Round "7"]
[White "Haye, Robert"]
[Black "Westphal Stubbe, Siegbert"]
[Result "1/2-1/2"]
[WhiteElo "1280"]
[BlackElo "1840"]
[PlyCount "93"]
[EventDate "2013.07.27"]
[EventType "swiss"]
[EventRounds "9"]
[EventCountry "GER"]
[SourceTitle "EXT 2018"]
[Source "ChessBase"]
[SourceDate "2017.10.13"]
[SourceVersion "1"]
[SourceVersionDate "2017.10.13"]
[SourceQuality "1"]

1. e4 c5 2. Nc3 e6 3. f4 g6 4. Nf3 d6 5. d4 cxd4 6. Nxd4 a6 7. a4 b6 8. Be3 Bg7 9. Bc4 Ne7 10. 0-0 Qc7 11. Qe2 0-0 12. Rad1 Nbc6 13. g4 e5 14. Nxc6 Nxc6 15. f5 Na5 16. Ba2 Bb7 17. Qf2 Nc4 18. Bxc4 Qxc4 19. Rxd6 b5 20. axb5 axb5 21. f6 Bh8 22. Nd5 Bxd5 23. exd5 Qxg4+ 24. Qg2 Qb4 25. Rd7 Qxb2 26. Bh6 Rfe8 27. Qh3 Qxc2 28. Rxf7 Qc8 29. Rd7 Bxf6 30. Rxf6 Ra1+ 31. Rf1 Rxf1+ 32. Kxf1 Qc4+ 33. Kg1 Qe4 34. d6 b4 35. Re7 Qe1+ 36. Kg2 Qe4+ 37. Kg1 Qe1+ 38. Qf1 Qxf1+ 39. Kxf1 Rxe7 40. dxe7 Kf7 41. Bg5 b3 42. Bc1 Kxe7 43. Ke2 Kf6 44. Kd3 g5 45. Kc3 h5 46. Kd3 h4 47. Ke3 1/2-1/2

[Event "Kiel op-B 26th"]
[Site "Kiel"]
[Date "2013.07.28"]
[Round "3"]
[White "Bunke, Mike"]
[Black "Westphal Stubbe, Siegbert"]
[Result "0-1"]
[WhiteElo "1320"]
[BlackElo "1840"]
[PlyCount "74"]
[EventDate "2013.07.27"]
[EventType "swiss"]
[EventRounds "9"]
[EventCountry "GER"]
[SourceTitle "EXT 2018"]
[Source "ChessBase"]
[SourceDate "2017.10.13"]
[SourceVersion "1"]
[SourceVersionDate "2017.10.13"]
[SourceQuality "1"]

1. c4 c5 2. Nc3 e6 3. g3 Nc6 4. Bg2 a6 5. d3 Qc7 6. Nf3 b6 7. 0-0 Bb7 8. a3 Nf6 9. Re1 Be7 10. e4 d6 11. Be3 0-0 12. d4 cxd4 13. Nxd4 Ne5 14. b3 b5 15. Rc1 bxc4 16. bxc4 Nxc4 17. Na4 Bxe4 18. f3 Bb7 19. Nb6 Qxb6 20. Rxc4 Nd5 21. Bf2 Qd8 22. Qd3 Nf6 23. Rb1 d5 24. Rc3 Qd7 25. Qc2 Rfc8 26. Rbb3 Rxc3 27. Rxc3 Rc8 28. Bf1 Bxa3 29. g4 Bb4 30. Rxc8+ Qxc8 31. Qb1 a5 32. Bd3 g6 33. h4 Ba6 34. Bc2 e5 35. g5 Nh5 36. Nf5 Qc4 37. Bd3 Qxd3 0-1

[Event "Schleswig-Holstein-ch Young Seniors"]
[Site "Buesum"]
[Date "2010.03.31"]
[Round "7"]
[White "Westphal Stubbe, Siegbert"]
[Black "Wessel, Volkmar"]
[Result "1-0"]
[WhiteElo "1890"]
[BlackElo "1669"]
[PlyCount "62"]
[EventDate "2010.03.27"]
[EventType "swiss"]
[EventRounds "9"]
[EventCountry "GER"]
[SourceTitle "EXT 2023"]
[Source "ChessBase"]
[SourceDate "2022.10.05"]
[SourceVersion "1"]
[SourceVersionDate "2022.10.05"]
[SourceQuality "1"]

1. d4 e6 2. c4 Nf6 3. Nc3 d5 4. e3 Be7 5. Nf3 0-0 6. Bd3 c5 7. cxd5 cxd4 8. Nxd4 Nxd5 9. Nxd5 Qxd5 10. 0-0 Rd8 11. Qc2 e5 12. Bxh7+ Kh8 13. Nf5 Bf6 14. Ng3 g6 15. Bxg6 fxg6 16. Qxg6 Bg7 17. e4 Qe6 18. Qh5+ Kg8 19. Nf5 Qf7 20. Nxg7 Qxg7 21. Bh6 Qe7 22. Qg6+ Kh8 23. Bg5 Rd6 24. Qh5+ Qh7 25. Qe8+ Qg8 26. Qxe5+ Kh7 27. Qxd6 Qxg5 28. Rfc1 Bh3 29. Rc7+ Nd7 30. Rxd7+ Bxd7 31. Qxd7+ Kh8 1-0